| 000 | 01020nam a2200277 i 4500 | ||
|---|---|---|---|
| 001 | bg | ||
| 003 | KOSZ 005 | ||
| 005 | 20250902063224.0 | ||
| 008 | 071214s1967 pl a f f 000 0 pol | ||
| 015 | _aPB 1967/4804 | ||
| 040 |
_aWA N _cKOSZ 005/RW _dKOSZ 005/RW |
||
| 080 | _a621.941(075) | ||
| 100 | 1 |
_aJaworski, Zbigniew _c(mechanika) |
|
| 245 | 1 | 0 |
_aTokarstwo / _cZbigniew Jaworski. |
| 250 | _aWyd. 11. | ||
| 260 |
_aWarszawa : _bPaństwowe Wydawnictwo Szkolnictwa Zawodowego, _c1967. |
||
| 300 |
_a398, [2] s. : _bil. ; _c23 cm. |
||
| 380 | _aKsiążki. | ||
| 500 | _aDruk z matryc. | ||
| 521 | 8 | _aZatwierdz. przez Min. Oświaty dla klas 2 i 3 zasadniczych szkół zawodowych. Również dla fachowców. | |
| 655 | 4 | _aPodręczniki dla szkół zawodowych | |
| 650 | 4 | _aTokarstwo | |
| 710 | 2 |
_aPaństwowe Wydawnictwo Szkolnictwa Zawodowego _4pbl. |
|
| 856 |
_uhttp://koha.tu.koszalin.pl/cgi-bin/koha/opac-detail.pl?biblionumber=11192 _yKatalog online BPK |
||
| 942 |
_2UKD _cKS |
||
| 999 |
_c11192 _d11192 |
||